Studies in modern analysis /
Guardado en:
| Autor Principal: | |
|---|---|
| Formato: | Libro |
| Idioma: | English |
| Publicado: |
Buffalo?] :
Mathematical Association of America; distributed by Prentice-Hall [Englewood Cliffs, N.J.,
1962]
|
| Series: | Studies in mathematics (Mathematical Association of America) ;
v. 1. |
| Materias: | |
| Etiquetas: |
Agregar Etiqueta
Sin Etiquetas, Sea el primero en etiquetar este registro!
|
| LEADER | 00917cam a22002171a 4500 | ||
|---|---|---|---|
| 001 | MAT.inmabb005635 | ||
| 008 | 730327s1962####nyu######b####000#0#eng## | ||
| 005 | 20170824124118.0 | ||
| 245 | 0 | 0 | |a Studies in modern analysis / |c [By] E. J. McShane [and others. |
| 260 | |a Buffalo?] : |b Mathematical Association of America; distributed by Prentice-Hall [Englewood Cliffs, N.J., |c 1962] | ||
| 300 | |a viii, 182 p. ; |c 21 cm. | ||
| 490 | 1 | |a Mathematical Association of America. Studies in mathematics ; |v v.1 | |
| 504 | |a Incluye referencias bibliográficas. | ||
| 100 | 1 | |a Buck, R. Creighton |q (Robert Creighton), |d 1920- |e ed. | |
| 830 | 0 | |a Studies in mathematics (Mathematical Association of America) ; |v v. 1. | |
| 650 | 0 | |a Mathematical analysis. | |
| 084 | |a 00B10 |2 msc2000 | ||
| 010 | |a 62011884 | ||
| 040 | |a DLC |c DLC |d DLC | ||
| 859 | |h 00B10 |i St933m |p A-2860 |b BIB. MATEMATICA | ||
| 859 | |h 00B10 |i St933m |p A-2890 |t Ej. 2 |b BIB. MATEMATICA | ||
